Interdisciplinárne postavenie geológie

Bibliographic Details
Main Author: Peterka, Ivan (Author)
Format: Article
Language:Slovak
ISSN:0862-9567
Subjects:

MARC

LEADER 00000nab a2200000 a 4500
001 vtls000530835
003 SK-MaSNL
005 20260305001329.0
008 140228c1994 xo 0 slo
015 |a SNBRB19rr/mm-uuuuu 
035 |a CL0530973 
040 |a SNKBUCL  |b slo  |c SNKBUCL  |e AACR2 
041 0 |a slo 
044 |a xo  |c SK 
080 |a 338.45:550.8(437.6):622(437.6)  |2 1981 
080 |a 550.8(437.6)  |2 1981 
080 |a 622(437.6)  |2 1981 
100 1 |a Peterka, Ivan  |4 aut  |9 277453 
245 1 0 |a Interdisciplinárne postavenie geológie  |c Ivan Peterka 
500 |a Ohlas na čl. M. Trégera Námety k transformácii geológie a baníctva v HN č. 155/1994 
650 0 7 |a geológia  |2 snkbucl  |9 167377 
650 0 7 |a baníctvo  |2 snkbucl  |9 3571 
655 7 |a články z novín a časopisov  |2 snkbucl  |9 267496 
773 0 |t Hospodárske noviny  |g Č. 198 (14. 10. 1994), s. 5  |x 0862-9567 
850 |a Slovenská národná knižnica v Martine  |a MTA001 
852 |a SNK  |b KIS3GCP 
958 |a RK 
992 |a RBX 
999 |c 3218813  |d 3220743